Normal view
MARC view
Entry Personal Name
001 - CONTROL NUMBER
- control field: 60261
003 - CONTROL NUMBER IDENTIFIER
- control field: OSt
005 - DATE AND TIME OF LATEST TRANSACTION
- control field: 20160527152547.0
008 - FIXED-LENGTH DATA ELEMENTS
- fixed length control field: 160527|| aca||aabn | a|a d
040 ## - CATALOGING SOURCE
- Original cataloging agency: OSt
- Transcribing agency: OSt
100 ## - HEADING--PERSONAL NAME
- Personal name: नागर, विष्णु
670 ## - SOURCE DATA FOUND
- Source citation: Work cat.: (OSt)10850: नागर, विष्णु , आदमी स्वर्ग में, 2007









